01113nam a2200205Ia 450000100060000000300090000600800410001504000130005604000130006904100130008210000200009510000290011524500380014424500380018226000450022030000430026550005270030865000410083565000310087635549IT-RoPAU130308s9999 xx 000 0 und d aIT-RoPAU cIT-RoPAU aITALIANO aJoos Andrè E. gCodice Aut. SPICS: 10555 aTemi della problematica ecumenica bTemi della Problematica Ecumenica bs.e. (senza Editrice o non identificata) a"684 p. (prefazione: no ; testo: 684)" aDivisioni nella Chiesa di Dio Cattolicesimo Nei giudizi dei Fratelli Cristiani chiese nella Tradizione Orientale itinerario Trinitario Protestante degli Ultimi Decenni Visione Ortodossa slava della Chiesa Sobornost Sorgente Eucaristica della Vita Ecclesiale Autocefalia Autonomia Riflessione Ecumenica e Tradizioni Cristiane Testimonianza Cattolica Unità Personalizzata dei Ministeri Ecclesiali Spirito Santo e Attuazione del regno nel Cuore dell'Umanità Pastorale della Mobilità Movimento Ecumenico e impegno Locale aSAGGI TEOLOGIA COMUNICAZIONE SOCIALE eCodice materia Spics: 9211